[Event "Yerevan Margaryan Memorial IM"]
[Site "Yerevan"]
[Date "2024.01.08"]
[Round "1"]
[White "Gasparyan, Erik R"]
[Black "Rostomyan, Mikayel"]
[Result "1-0"]
[WhiteElo "2340"]
[BlackElo "2294"]
[PlyCount "81"]
[EventDate "2024.01.08"]
[EventType "tourn"]
[EventRounds "9"]
[EventCountry "ARM"]
[EventCategory "2"]
[SourceTitle "CB04_2024"]
[SourceDate "2023.10.16"]
[SourceVersion "1"]
[SourceVersionDate "2023.10.16"]
[SourceQuality "1"]

1. e4 c5 2. Nf3 Nc6 3. Bb5 g6 4. 0-0 Bg7 5. Re1 e5 6. Bxc6 dxc6 7. a4 Qe7 8. d3 Nh6 9. Na3 f6 10. a5 Nf7 11. Be3 Nd8 12. Nc4 Ne6 13. Nfd2 0-0 14. Ra4 Rb8 15. b4 b5 16. axb6 axb6 17. Ra1 b5 18. Na5 Bd7 19. bxc5 Nxc5 20. Ndb3 Ne6 21. d4 exd4 22. Nxd4 Nxd4 23. Bxd4 Rfd8 24. Nb3 Be6 25. Qf3 Bxb3 26. Qxb3+ Qf7 27. Qb4 Ra8 28. h4 h5 29. Rxa8 Rxa8 30. Qd6 Ra6 31. Re3 Bf8 32. Qb8 Ra4 33. c3 Qe7 34. Rg3 Qxe4 35. Bxf6 Qe1+ 36. Kh2 Rg4 37. Rf3 Qe6 38. g3 Qd5 39. Kg2 Qd6 40. Qe8 Qc7 41. Bg5 1-0

[Event "EU-ch U18 31st"]
[Site "Mamaia"]
[Date "2023.09.06"]
[Round "2"]
[White "Garrido Outon, Alex"]
[Black "Rostomyan, Mikayel"]
[Result "1/2-1/2"]
[WhiteElo "2408"]
[BlackElo "2221"]
[PlyCount "96"]
[EventDate "2023.09.05"]
[EventType "swiss"]
[EventRounds "9"]
[EventCountry "ROU"]
[SourceTitle "EXT 2024"]
[Source "ChessBase"]
[SourceDate "2023.10.10"]
[SourceVersion "1"]
[SourceVersionDate "2023.10.10"]
[SourceQuality "1"]

1. e4 c5 2. Nf3 Nc6 3. d4 cxd4 4. Nxd4 Nf6 5. Nc3 e5 6. Ndb5 d6 7. Nd5 Nxd5 8. exd5 Nb8 9. g4 Be7 10. Rg1 h6 11. Be3 a6 12. Nc3 Nd7 13. Qf3 b5 14. 0-0-0 Bb7 15. Ne4 Nf6 16. Nxf6+ Bxf6 17. Qe4 Qe7 18. Kb1 Bg5 19. Bd3 g6 20. Rde1 Kf8 21. Rgf1 Re8 22. Re2 h5 23. Bxg5 Qxg5 24. f4 Qxg4 25. Qb4 Kg7 26. Qxd6 e4 27. Rxe4 Rxe4 28. Bxe4 Re8 29. Qb4 Kg8 30. a4 Qd7 31. axb5 axb5 32. Qd4 Qg4 33. Bd3 b4 34. Rg1 Qd7 35. Bxg6 fxg6 36. Qf6 Re7 37. d6 Rg7 38. Rxg6 Bc6 39. f5 b3 40. c4 Rxg6 41. Qxg6+ Qg7 42. Qe6+ Kh7 43. Kc1 Qg5+ 44. Kd1 Bf3+ 45. Ke1 Qg1+ 46. Kd2 Qd4+ 47. Ke1 Qg1+ 48. Kd2 Qd4+ 1/2-1/2

[Event "Titled Tuesday intern op 01st Aug Late"]
[Site "Chess.com INT"]
[Date "2023.08.01"]
[Round "3"]
[White "Kirillov, Dmitry1111"]
[Black "Rostomyan, Mikayel"]
[Result "1-0"]
[WhiteElo "2206"]
[BlackElo "2222"]
[PlyCount "107"]
[EventDate "2023.08.01"]
[EventType "swiss (blitz)"]
[EventRounds "11"]
[EventCountry "USA"]
[SourceTitle "EXT 2024"]
[Source "ChessBase"]
[SourceDate "2023.10.10"]
[SourceVersion "1"]
[SourceVersionDate "2023.10.10"]
[SourceQuality "1"]

1. d4 Nf6 2. Nf3 e6 3. c4 Bb4+ 4. Bd2 Bxd2+ 5. Qxd2 0-0 6. Nc3 d5 7. e3 b6 8. cxd5 exd5 9. Bd3 c5 10. h3 Ba6 11. 0-0 Bxd3 12. Qxd3 c4 13. Qc2 Re8 14. Ne5 Nbd7 15. f4 Rc8 16. a4 Qe7 17. Kh2 a6 18. g4 Qd6 19. g5 Nh5 20. Qe2 g6 21. Qf3 Nxe5 22. fxe5 Qe6 23. Qxd5 Qe7 24. h4 Ng7 25. Ne4 Red8 26. Nf6+ Kh8 27. Qe4 c3 28. bxc3 Rxc3 29. Rac1 Qa3 30. Rxc3 Qxc3 31. h5 Qd2+ 32. Kg3 Nf5+ 33. Kh3 Nxe3 34. Rf4 Rc8 35. hxg6 fxg6 36. Rh4 h5 37. Qb7 Rc7 38. Qb8+ Kg7 39. Qxc7+ Kf8 40. Nh7+ Ke8 41. Nf6+ Kf8 42. Qc8+ Ke7 43. Qb7+ Ke6 44. Qf3 Qe1 45. d5+ Ke7 46. d6+ Ke6 47. Rf4 Nd1 48. Qf1 Qc3+ 49. Rf3 Ne3 50. Rxe3 Qxe5 51. Rxe5+ Kxe5 52. d7 Kd6 53. d8Q+ Kc5 54. Qg8 1-0

[Event "Titled Tuesday intern op 01st Aug Late"]
[Site "Chess.com INT"]
[Date "2023.08.01"]
[Round "2"]
[White "Rostomyan, Mikayel"]
[Black "Aronian, Levon"]
[Result "0-1"]
[WhiteElo "2222"]
[BlackElo "2742"]
[PlyCount "56"]
[EventDate "2023.08.01"]
[EventType "swiss (blitz)"]
[EventRounds "11"]
[EventCountry "USA"]
[SourceTitle "EXT 2024"]
[Source "ChessBase"]
[SourceDate "2023.10.10"]
[SourceVersion "1"]
[SourceVersionDate "2023.10.10"]
[SourceQuality "1"]

1. d4 Nf6 2. Nf3 g6 3. c4 Bg7 4. g3 0-0 5. Bg2 Nc6 6. Nc3 Rb8 7. 0-0 a6 8. d5 Na5 9. Nd2 c5 10. d6 exd6 11. Nce4 Nxe4 12. Nxe4 Nxc4 13. Nxd6 b5 14. Nxc4 bxc4 15. Qd6 Qb6 16. Bf4 Qxd6 17. Bxd6 Rxb2 18. Bxf8 Kxf8 19. Rac1 c3 20. Rfd1 Rxe2 21. Bd5 Bd4 22. Rf1 d6 23. Kg2 Bf5 24. Kf3 Rb2 25. Bc4 a5 26. g4 Bd7 27. Kg3 Bc6 28. Rb1 Be4 0-1

[Event "Titled Tuesday intern op 25th Jul Late"]
[Site "Chess.com INT"]
[Date "2023.07.25"]
[Round "5"]
[White "Rostomyan, Mikayel"]
[Black "Sztokbant, Bernardo Vainzoff"]
[Result "1/2-1/2"]
[WhiteElo "2222"]
[BlackElo "2213"]
[PlyCount "99"]
[EventDate "2023.07.25"]
[EventType "swiss (blitz)"]
[EventRounds "11"]
[EventCountry "USA"]
[SourceTitle "EXT 2024"]
[Source "ChessBase"]
[SourceDate "2023.10.10"]
[SourceVersion "1"]
[SourceVersionDate "2023.10.10"]
[SourceQuality "1"]

1. d4 Nf6 2. Nf3 e6 3. c4 d5 4. g3 dxc4 5. Bg2 Be7 6. 0-0 0-0 7. Qc2 a6 8. a4 Bd7 9. Qxc4 Bc6 10. Bg5 Nbd7 11. Nc3 a5 12. Bxf6 Nxf6 13. Ne5 Bxg2 14. Kxg2 c6 15. Rfd1 Qb6 16. Rd2 Rad8 17. Rad1 Bb4 18. Qb3 Qc7 19. Nc4 Nd5 20. e4 Nf6 21. e5 Nd5 22. Rd3 Be7 23. Ne4 Nb4 24. R3d2 Rd5 25. Ncd6 f5 26. Nc5 Bxd6 27. Nxe6 Qf7 28. Nxf8 Bxf8 29. Re2 Qe6 30. h4 Kf7 31. Qf3 Kg8 32. h5 Be7 33. Qf4 c5 34. Red2 h6 35. dxc5 Bg5 36. Rxd5 Bxf4 37. Rd8+ Kh7 38. gxf4 Qc4 39. R1d4 Qe2 40. Rf8 Nc6 41. Rd7 Qxh5 42. Rff7 Qg4+ 43. Kf1 h5 44. e6 h4 45. e7 Nxe7 46. Rdxe7 Qd1+ 47. Kg2 Qg4+ 48. Kf1 Qd1+ 49. Kg2 Qg4+ 50. Kf1 1/2-1/2

[Event "Titled Tuesday intern op 18th Jul Late"]
[Site "Chess.com INT"]
[Date "2023.07.18"]
[Round "3"]
[White "Van Foreest, Jorden"]
[Black "Rostomyan, Mikayel"]
[Result "1-0"]
[WhiteElo "2693"]
[BlackElo "2222"]
[PlyCount "51"]
[EventDate "2023.07.18"]
[EventType "swiss (blitz)"]
[EventRounds "11"]
[EventCountry "USA"]
[SourceTitle "EXT 2024"]
[Source "ChessBase"]
[SourceDate "2023.10.10"]
[SourceVersion "1"]
[SourceVersionDate "2023.10.10"]
[SourceQuality "1"]

1. c4 e5 2. g3 Nc6 3. Bg2 Bc5 4. e3 d6 5. Ne2 f5 6. Nbc3 Nf6 7. d4 Bb6 8. b4 a5 9. b5 Ne7 10. dxe5 dxe5 11. Qxd8+ Kxd8 12. Na4 Nd7 13. Ba3 c5 14. 0-0-0 Kc7 15. Nec3 e4 16. Nxb6 Kxb6 17. Na4+ Kc7 18. Nxc5 Ne5 19. Nxe4 fxe4 20. Bd6+ Kb6 21. Bxe5 Bf5 22. Bxg7 Rhc8 23. Bd4+ Kc7 24. Kb2 Kb8 25. c5 a4 26. Be5+ 1-0

[Event "Titled Tuesday intern op 04th Jul Late"]
[Site "Chess.com INT"]
[Date "2023.07.04"]
[Round "6"]
[White "Molenda, Marcin"]
[Black "Rostomyan, Mikayel"]
[Result "1-0"]
[WhiteElo "2400"]
[BlackElo "2222"]
[PlyCount "105"]
[EventDate "2023.07.04"]
[EventType "swiss (blitz)"]
[EventRounds "11"]
[EventCountry "USA"]
[SourceTitle "EXT 2024"]
[Source "ChessBase"]
[SourceDate "2023.10.10"]
[SourceVersion "1"]
[SourceVersionDate "2023.10.10"]
[SourceQuality "1"]

1. e4 c5 2. Nf3 Nc6 3. Bb5 g6 4. 0-0 Bg7 5. Re1 Nf6 6. c3 0-0 7. e5 Nd5 8. h3 Nc7 9. Bf1 d5 10. d4 Bf5 11. dxc5 a5 12. Nbd2 Ne6 13. Nb3 a4 14. Nbd4 Nxc5 15. Nxf5 gxf5 16. e6 Nxe6 17. Nh4 f4 18. Nf5 Bf6 19. Qh5 Kh8 20. Bd3 Ng5 21. Bxf4 e5 22. Bxg5 Bxg5 23. Nh6 e4 24. Nxf7+ Rxf7 25. Qxf7 exd3 26. f4 Bf6 27. Rad1 Bg7 28. Rxd3 d4 29. cxd4 Nxd4 30. Kh1 Qf8 31. Qxb7 Rb8 32. Qd7 Nf5 33. Kh2 Bxb2 34. Rd5 Nh6 35. f5 Bg7 36. Re7 Ng8 37. Rf7 Nf6 38. Rxf8+ Rxf8 39. Qe6 Re8 40. Qf7 Rf8 41. Qb7 Nxd5 42. Qxd5 Re8 43. h4 Be5+ 44. Kh3 Bf6 45. g4 Rf8 46. g5 Rd8 47. Qe6 Bg7 48. f6 Bf8 49. Qf7 h6 50. g6 Rd3+ 51. Kg2 Rd4 52. Kf3 Rd7 53. Qxd7 1-0

[Event "Titled Tuesday intern op 27th Jun Late"]
[Site "Chess.com INT"]
[Date "2023.06.27"]
[Round "3"]
[White "Pullela, Sricharan"]
[Black "Rostomyan, Mikayel"]
[Result "0-1"]
[WhiteElo "1996"]
[BlackElo "2222"]
[PlyCount "50"]
[EventDate "2023.06.27"]
[EventType "swiss (blitz)"]
[EventRounds "11"]
[EventCountry "USA"]
[SourceTitle "EXT 2024"]
[Source "ChessBase"]
[SourceDate "2023.10.10"]
[SourceVersion "1"]
[SourceVersionDate "2023.10.10"]
[SourceQuality "1"]

1. d4 Nf6 2. Bg5 c5 3. d5 e6 4. c4 exd5 5. cxd5 d6 6. Nc3 Be7 7. e4 0-0 8. Nf3 a6 9. a4 h6 10. Bh4 Nxd5 11. Nxd5 Bxh4 12. Bd3 Nc6 13. 0-0 Bg4 14. h3 Bh5 15. g4 Bg6 16. Qb3 Rb8 17. Rad1 Bf6 18. Bb1 Bd4 19. Nxd4 Nxd4 20. Qd3 Re8 21. Rfe1 Qg5 22. f4 Qxd5 23. exd5 Rxe1+ 24. Rxe1 Bxd3 25. Bxd3 Nf3+ 0-1

[Event "Titled Tuesday intern op 27th Jun Late"]
[Site "Chess.com INT"]
[Date "2023.06.27"]
[Round "2"]
[White "Rostomyan, Mikayel"]
[Black "Rustemov, Alexander"]
[Result "0-1"]
[WhiteElo "2222"]
[BlackElo "2525"]
[PlyCount "150"]
[EventDate "2023.06.27"]
[EventType "swiss (blitz)"]
[EventRounds "11"]
[EventCountry "USA"]
[SourceTitle "EXT 2024"]
[Source "ChessBase"]
[SourceDate "2023.10.10"]
[SourceVersion "1"]
[SourceVersionDate "2023.10.10"]
[SourceQuality "1"]

1. d4 d5 2. Nf3 c6 3. c4 Nf6 4. e3 Bf5 5. Nc3 e6 6. Nh4 Be4 7. f3 Bg6 8. Qb3 Qc7 9. Bd2 Be7 10. 0-0-0 Nbd7 11. Nxg6 hxg6 12. h4 dxc4 13. Bxc4 b5 14. Bd3 a6 15. Kb1 c5 16. Qc2 cxd4 17. exd4 Rc8 18. Rc1 Nb6 19. Bxg6 fxg6 20. Qxg6+ Kf8 21. Ne4 Nc4 22. Rxc4 Nxe4 23. Rxc7 Nxd2+ 24. Kc2 Rxc7+ 25. Kxd2 Rh6 26. Qe4 Rd7 27. Ke2 Bf6 28. Qa8+ Kf7 29. Qxa6 Rh5 30. g4 Rhd5 31. Rd1 Bxh4 32. Kf1 Bf6 33. f4 R7d6 34. Qb7+ Rd7 35. Qc6 b4 36. Kg2 Rxd4 37. Rxd4 Rxd4 38. f5 Rxg4+ 39. Kf3 exf5 40. Qd7+ Kg6 41. Qe8+ Kg5 42. Qe3+ Kh5 43. Qe8+ Kh6 44. a4 Bxb2 45. a5 Bd4 46. a6 b3 47. Qc6+ Rg6 48. Qc1+ Kh7 49. Qh1+ Rh6 50. Qb1 b2 51. Qxf5+ Kh8 52. Qf8+ Kh7 53. Qf5+ g6 54. Qd7+ Bg7 55. Qb7 Rh1 56. a7 Ra1 57. Kg4 Ra4+ 58. Kg5 Ra5+ 59. Kg4 Rxa7 60. Qh1+ Bh6 61. Qd1 Rb7 62. Qb1 Bg7 63. Kg5 Rb5+ 64. Kg4 Bc3 65. Kh4 Kg7 66. Kg4 Re5 67. Kf4 Re1 68. Qd3 b1Q 69. Qd7+ Kh6 70. Qh3+ Kg7 71. Qd7+ Kf8 72. Qd6+ Re7 73. Qd8+ Kf7 74. Qd5+ Kg7 75. Qd4+ Bxd4 0-1

[Event "Titled Tuesday intern op 20th Jun Late"]
[Site "Chess.com INT"]
[Date "2023.06.20"]
[Round "2"]
[White "Rostomyan, Mikayel"]
[Black "Durarbayli, Vasif"]
[Result "1/2-1/2"]
[WhiteElo "2222"]
[BlackElo "2627"]
[PlyCount "162"]
[EventDate "2023.06.20"]
[EventType "swiss (blitz)"]
[EventRounds "11"]
[EventCountry "USA"]
[SourceTitle "EXT 2024"]
[Source "ChessBase"]
[SourceDate "2023.10.10"]
[SourceVersion "1"]
[SourceVersionDate "2023.10.10"]
[SourceQuality "1"]

1. d4 Nf6 2. Nf3 d5 3. c4 e6 4. g3 Bb4+ 5. Bd2 Be7 6. Bg2 0-0 7. 0-0 Nbd7 8. Qc2 c6 9. Bf4 b6 10. cxd5 cxd5 11. Bc7 Qe8 12. Rc1 Bb7 13. Nc3 Rc8 14. Nb5 a6 15. Na7 Ra8 16. Nc6 Rc8 17. Nxe7+ Qxe7 18. Qb3 b5 19. Ba5 Rc4 20. e3 Rfc8 21. Qd1 Ne4 22. Bf1 h6 23. a3 Qf6 24. Be2 Qf5 25. b3 Rxc1 26. Rxc1 Ndf6 27. Rxc8+ Bxc8 28. Be1 Bd7 29. Ne5 h5 30. Nxd7 Nxd7 31. Bxh5 Ndf6 32. Be2 g5 33. f3 Nd6 34. Kg2 Qh7 35. g4 Nfe8 36. Bd3 Qg7 37. Bg3 f6 38. Qc2 Qd7 39. a4 Kg7 40. axb5 Nxb5 41. Qc5 Ned6 42. h4 gxh4 43. Bxh4 f5 44. Bg3 fxg4 45. Be5+ Kg8 46. fxg4 Nf7 47. Bxb5 axb5 48. Qc7 Qxc7 49. Bxc7 Kh7 50. Kf3 Kg6 51. Kf4 Kf6 52. Be5+ Kg6 53. Bc7 Kf6 54. e4 dxe4 55. Kxe4 Kg5 56. Kf3 Kf6 57. Kf4 Ke7 58. Be5 Nd8 59. g5 Kf7 60. Ke4 Nc6 61. d5 exd5+ 62. Kxd5 Na5 63. b4 Nc4 64. Bd4 Kg6 65. Bf6 Na3 66. Kc5 Kf5 67. Bb2 Nc2 68. Bc1 Ne1 69. Kxb5 Nd3 70. Bd2 Ke6 71. Kc4 Ne5+ 72. Kc5 Kd7 73. b5 Kc8 74. b6 Kb7 75. Be3 Ng4 76. Bd2 Ne5 77. Kd5 Nf3 78. g6 Nh4 79. g7 Nf5 80. Bc3 Nxg7 81. Bxg7 Kxb6 1/2-1/2

[Event "Wch U18 blitz"]
[Site "Batumi"]
[Date "2023.06.11"]
[Round "10"]
[White "Rostomyan, Mikayel"]
[Black "Sahakyan, Aleks"]
[Result "0-1"]
[WhiteElo "2061"]
[BlackElo "2275"]
[PlyCount "68"]
[EventDate "2023.06.10"]
[EventType "swiss (blitz)"]
[EventRounds "11"]
[EventCountry "GEO"]
[SourceTitle "EXT 2024"]
[Source "ChessBase"]
[SourceDate "2023.10.10"]
[SourceVersion "1"]
[SourceVersionDate "2023.10.10"]
[SourceQuality "1"]
[WhiteTeam "Armenia"]
[BlackTeam "Armenia"]
[WhiteTeamCountry "ARM"]
[BlackTeamCountry "ARM"]

1. d4 Nf6 2. Nf3 d5 3. c4 e6 4. g3 dxc4 5. Bg2 a6 6. Ne5 Bb4+ 7. Nc3 Nd5 8. 0-0 Nxc3 9. bxc3 Bxc3 10. Ba3 Qxd4 11. Nxc4 Bxa1 12. Qc2 Qc3 13. Qe4 Nc6 14. Rd1 Bd7 15. Rc1 Qd4 16. Qc2 f6 17. e3 Qg4 18. Rxa1 Kf7 19. h3 Qf5 20. e4 Qh5 21. f4 Rhd8 22. Kh2 Nd4 23. Qf2 Bc6 24. g4 Qb5 25. Ne3 Qe2 26. Qxe2 Nxe2 27. f5 Rd3 28. Nc2 Nf4 29. fxe6+ Kxe6 30. Rf1 Nxg2 31. Rf2 Nh4 32. Bb2 Rad8 33. Bc1 Rf3 34. Re2 Bb5 0-1

[Event "Wch U18 blitz"]
[Site "Batumi"]
[Date "2023.06.11"]
[Round "7"]
[White "Rostomyan, Mikayel"]
[Black "Siniauski, Artsiom"]
[Result "1-0"]
[WhiteElo "2061"]
[BlackElo "2065"]
[PlyCount "113"]
[EventDate "2023.06.10"]
[EventType "swiss (blitz)"]
[EventRounds "11"]
[EventCountry "GEO"]
[SourceTitle "EXT 2024"]
[Source "ChessBase"]
[SourceDate "2023.10.10"]
[SourceVersion "1"]
[SourceVersionDate "2023.10.10"]
[SourceQuality "1"]
[WhiteTeam "Armenia"]
[BlackTeam "FIDE"]
[WhiteTeamCountry "ARM"]

1. d4 Nf6 2. Nf3 e6 3. c4 d5 4. g3 Bb4+ 5. Bd2 Be7 6. Qc2 c6 7. Bg2 0-0 8. 0-0 Nbd7 9. Bf4 Ne4 10. Nc3 g5 11. Bc1 f5 12. Nd2 a5 13. Ndxe4 dxe4 14. d5 Ne5 15. Rd1 Nxc4 16. dxc6 Nd6 17. Nb5 Nxb5 18. Rxd8 Rxd8 19. Be3 Ra6 20. cxb7 Bxb7 21. Rd1 Bd5 22. a4 Rc6 23. Qb1 Nd6 24. Bd4 Rdc8 25. Bc3 Nc4 26. e3 Bb4 27. Bf1 Bxc3 28. bxc3 Ne5 29. c4 Nxc4 30. Qb5 Ne5 31. Rxd5 exd5 32. Qxd5+ Nf7 33. Qxf5 Rc1 34. Kg2 Rd8 35. Qxe4 Rdd1 36. Bc4 Kg7 37. Qe6 Nh6 38. Qe7+ Kg6 39. Qe8+ Kg7 40. Qe5+ Kg6 41. Bd3+ Rxd3 42. Qe4+ Kg7 43. Qxd3 g4 44. Qd4+ Kg6 45. Qe4+ Kg7 46. h3 gxh3+ 47. Kxh3 Rf1 48. Qd4+ Kf8 49. Qc5+ Kg7 50. Kg2 Rd1 51. Qc3+ Kf8 52. Qxa5 Nf7 53. Qc5+ Kg7 54. a5 Rd6 55. Qc3+ Kf8 56. Qa3 Ke7 57. a6 1-0

[Event "Wch U18 blitz"]
[Site "Batumi"]
[Date "2023.06.11"]
[Round "8"]
[White "Rostomyan, Mikayel"]
[Black "Tsaruk, Maksim"]
[Result "0-1"]
[WhiteElo "2061"]
[BlackElo "2363"]
[PlyCount "126"]
[EventDate "2023.06.10"]
[EventType "swiss (blitz)"]
[EventRounds "11"]
[EventCountry "GEO"]
[SourceTitle "EXT 2024"]
[Source "ChessBase"]
[SourceDate "2023.10.10"]
[SourceVersion "1"]
[SourceVersionDate "2023.10.10"]
[SourceQuality "1"]
[WhiteTeam "Armenia"]
[BlackTeam "FIDE"]
[WhiteTeamCountry "ARM"]

1. d4 b5 2. e4 Bb7 3. Bxb5 Bxe4 4. Nf3 c6 5. Bd3 Bxf3 6. Qxf3 e6 7. 0-0 Nf6 8. Nd2 d5 9. c3 Bd6 10. Re1 Nbd7 11. b4 0-0 12. Nb3 e5 13. dxe5 Nxe5 14. Qd1 Nfg4 15. g3 Qf6 16. f4 Qh6 17. h4 Nxd3 18. Qxd3 Rae8 19. Bd2 Bc7 20. Kg2 Bb6 21. Re2 Rxe2+ 22. Qxe2 Nf2 23. f5 Qf6 24. Qf3 Ne4 25. Rc1 Re8 26. Be1 Nd6 27. g4 h5 28. g5 Qxf5 29. Qxf5 Nxf5 30. Bf2 Re2 31. Nc5 Rxa2 32. Kf3 Nd6 33. Re1 Bxc5 34. Bxc5 Ne4 35. Bd4 Kh7 36. Ke3 Kg6 37. Rh1 a5 38. bxa5 Rxa5 39. Rb1 c5 40. Rb6+ f6 41. Be5 Ra3 42. gxf6 gxf6 43. Kf4 Ra2 44. Bc7 Nxc3 45. Bd8 Ne4 46. Rb7 Rf2+ 47. Ke3 Rg2 48. Rd7 Rg3+ 49. Ke2 Rg4 50. Kf3 Rg3+ 51. Kf4 Rg4+ 52. Kf3 d4 53. Re7 Nd2+ 54. Kf2 Nc4 55. Re6 Rf4+ 56. Kg3 Rf5 57. Re7 Ne5 58. Bb6 Rf3+ 59. Kg2 Rc3 60. Rc7 d3 61. Kf2 Rc2+ 62. Ke3 Re2+ 63. Kf4 d2 0-1

[Event "Wch U18 rapid"]
[Site "Batumi"]
[Date "2023.06.07"]
[Round "5"]
[White "Grebnev, Aleksey"]
[Black "Rostomyan, Mikayel"]
[Result "1-0"]
[WhiteElo "2488"]
[BlackElo "2222"]
[PlyCount "55"]
[EventDate "2023.06.06"]
[EventType "swiss (rapid)"]
[EventRounds "11"]
[EventCountry "GEO"]
[SourceTitle "CBM 214 Extra"]
[Source "ChessBase"]
[SourceDate "2023.07.31"]
[SourceVersion "1"]
[SourceVersionDate "2023.07.31"]
[SourceQuality "1"]

1. d4 Nf6 2. c4 c5 3. d5 b5 4. cxb5 a6 5. e3 axb5 6. Bxb5 Qa5+ 7. Nc3 Bb7 8. Bd2 Qb6 9. a4 Nxd5 10. Nf3 Nb4 11. 0-0 N8c6 12. e4 e6 13. Bf4 Be7 14. Ne5 Nxe5 15. Bxe5 0-0 16. Qxd7 Bg5 17. Bc7 Qa7 18. Qd6 Nc2 19. Rad1 Nd4 20. Bb6 Nxb5 21. axb5 Qb8 22. Bc7 Qe8 23. Qxc5 Be7 24. Bd6 Rc8 25. Qb4 Bxd6 26. Rxd6 Rb8 27. Rfd1 Qe7 28. Qc5 1-0

[Event "Titled Tuesday intern op 30th May Late"]
[Site "Chess.com INT"]
[Date "2023.05.30"]
[Round "2"]
[White "Rostomyan, Mikayel"]
[Black "Kujawski, Adam"]
[Result "1-0"]
[WhiteElo "2222"]
[BlackElo "2173"]
[PlyCount "83"]
[EventDate "2023.05.30"]
[EventType "swiss (blitz)"]
[EventRounds "11"]
[EventCountry "USA"]
[SourceTitle "CBM 214 Extra"]
[Source "ChessBase"]
[SourceDate "2023.07.31"]
[SourceVersion "1"]
[SourceVersionDate "2023.07.31"]
[SourceQuality "1"]

1. d4 Nf6 2. Nf3 c5 3. d5 e6 4. Nc3 exd5 5. Nxd5 Nxd5 6. Qxd5 Be7 7. e4 Nc6 8. Bd2 d6 9. h4 Be6 10. Qh5 d5 11. Ng5 Bxg5 12. Bxg5 Qb6 13. 0-0-0 d4 14. a3 c4 15. f4 c3 16. b3 Qa5 17. a4 h6 18. f5 Qb4 19. Rd3 Bxb3 20. cxb3 Qxb3 21. Qe2 hxg5 22. e5 Qa3+ 23. Kb1 Nb4 24. Rd2 cxd2 25. Qxd2 Qb3+ 26. Qb2 Qxb2+ 27. Kxb2 Nc6 28. Bb5 Rxh4 29. Re1 a6 30. Bc4 Rf4 31. e6 fxe6 32. Bxe6 Kf8 33. Rh1 Ke7 34. Kb3 Nd8 35. Bd5 Kf6 36. g4 Rxg4 37. Kc4 Rf4 38. Kc5 Rc8+ 39. Kd6 d3 40. Rh8 d2 41. Rf8+ Nf7+ 42. Rxf7# 1-0